000 00363nam a2200133Ia 4500
005 20260326100031.0
008 260326s9999||||xx |||||||||||||| ||und||
100 _aAllen, Edward
245 0 _aCómo Funciona un Edificio :
_b Principios Elementales /
_cEdward Allen
260 _bGustavo Gili
300 _a258 p.
650 _aARQUITECTURA - ELEMENTOS
942 _cBK
999 _c6613
_d6613